000 01420nam0a2200397 4500
001 RU\NLR\BIBL_A\016344867
005 20260406084031.0
010 _a978-5-17-154167-5
_93500
021 _aRU
_b2023-16418
_9КН-П-1640
021 _aRU
_b2023-63841
_9КН-П-6477
035 _a(RuMoRGB)011652474
035 _a(NLR Aleph) 016344867
090 _a13103075
_c13103075
100 _a20230414d2023 |||y0rusy50 ca
101 0 _aeng
102 _aRU
105 _ay z 000ay
181 0 _ai
_baxxe
182 0 _an
200 1 _aAlice in Wonderland & Through the looking-glass
_fLewis Carroll
203 _aТекст
_bвизуальный
_cнепосредственный
210 _aМосква
_cАСТ
_dcop. 2023
215 _a316, [2] с.
_d19
225 1 _aExclusive classics hardcover
300 _aЗагл. на доп. тит.с. : Alice's adventures in Wonderland.
300 _aЗагл. в макете : Alice's adventures in Wonderland. Through the looking-glass, and what Alice found there
333 _a12+
513 1 _aAlice's adventures in Wonderland
517 1 _aAlice's adventures in Wonderland. Through the looking-glass, and what Alice found there
686 0 _aШ9(2)68
700 1 _7ba
_8eng
_aCarroll
_bL.
_f1832-1898
_gLewis
_3RU\NLR\AUTH\7751710
_934643
942 _cBOOK
980 _aNB